00408nam a2200109Ia 4500008004100000100001900041245009900060260004600159300001100205650001300216856006900229160712s9999 xx 000 0 und d aAguila, Reuel. cReuel AguilaaNoon pa man, Nand’yan na, Ano’t Inietsapwera: Ang Maraming Wika ng Pilipinas c2015bDaluyan: Journal ng Wikang Filipino a no. 2 xFILIPINO uhttp://journals.upd.edu.ph/index.php/djwf/issue/view/473/showToc